000 00580nam a2200193Ia 4500
003 GCL
008 140319s9999 xx 000 0 ara d
040 _aGCL /
_cGCL
082 0 4 _a953
_bم م
100 1 _aمالك بن انس
245 1 0 _aمشكلات الحضارة /
_cمالك بن انس
700 1 _aمحمد عبدالسلام الجفائرى
260 _a[S.N] :
_bالدار العربية للكتاب ،
_c1984
300 _a229
490 _a
650 0 4 _aالتاريخ الاسلامى
650 0 4 _aالحضارة الاسلامية
942 _2ddc
_cBK
999 _c54424
_d54424